[Event "Bundesliga 0405"]
[Site "Germany"]
[Date "2004.11.28"]
[Round "4.1"]
[White "Nielsen, Peter Heine"]
[Black "Landa, Konstantin"]
[Result "1-0"]
[WhiteElo "2663"]
[BlackElo "2571"]
[Annotator "Ribli,Z"]
[PlyCount "105"]
[EventDate "2004.11.12"]
[EventType "team-tourn"]
[EventRounds "15"]
[EventCountry "GER"]
[SourceTitle "CBM 105"]
[Source "ChessBase"]
[SourceDate "2005.04.11"]
[SourceVersion "1"]
[SourceVersionDate "2005.04.11"]
[SourceQuality "1"]
[WhiteTeam "Wattenscheid"]
[BlackTeam "Muelheim Nord"]
[WhiteTeamCountry "GER"]
[BlackTeamCountry "GER"]

1. d4 d5 2. c4 e6 3. Nf3 Nf6 4. g3 Be7 5. Bg2 O-O 6. O-O dxc4 7. Qc2 a6 8. Qxc4
{Heutzutage ist die Alternative 8.a4 populärer, diese klassische Fortsetzung
wird weniger gespielt.} b5 9. Qc2 Bb7 10. Bd2 Ra7 {Dieser Zug ist in der
letzten Zeit beliebt geworden, da Schwarz mit dieser Fortsetzung
Angriffsmotive auf der Diagonale h1-a8 vermeidet und anschließend Nbd7 und Qa8
spielen kann.} 11. Rc1 (11. Rd1 Nbd7 12. Ba5 Qa8 13. Nbd2 c5 14. dxc5 Bxc5 15.
Nb3 Bb6 16. Rac1 Bd5 {1/2-1/2 Nielsen,P-Anand,V/Bundesliga 2004/05 (24)}) 11...
Be4 12. Qb3 (12. Qd1 Bxf3 13. Bxf3 Qxd4 14. Be3 Qxd1+ 15. Rxd1 c5 16. a4 bxa4
17. Rxa4 Nbd7 18. Na3 Rb8 19. Nc4 h6 {1/2-1/2 Nielsen,P-Short,N/playchess.com
INT 2004/(44)}) 12... Bd5 {Natürlich geht 12...Bxf3?! 13.Bxf3 Qxd4?? nicht, da
Weiß sofort mit 14.Be3 gewinnt. Die Alternative 12...Nbd7!? kommt in Betracht.}
(12... Nbd7 $5 13. Bb4 Bd5 14. Qa3 c5 $5 15. Bxc5 Nxc5 16. dxc5 Ne4 17. Ne1
Nxc5 18. Qe3 Bxg2 {1/2-1/2 Gelfand,B-Anand,V/Calvia 2004/}) 13. Qe3 $5 {
[%cal Ge3a7] Die Dame steht sonderbar auf e3, aber Weiß möchte Nc3 und
möglicherweise Qd3 spielen, mit der Idee e2-e4.} Nc6 $4 {[%mdl 8192] Ein
unglaublicher Fehler - das weiße Kombinationsspiel ist zwar nicht typisch,
aber ganz einfach.} (13... Nbd7 14. Nc3 Ba8 15. a3 (15. d5 Bc5) 15... c5 $11) {
[#]} 14. Rxc6 $1 Bxc6 15. d5 {[%csl Ra7,Rc6][%cal Re3a7,Rd5c6]} Nxd5 16. Qxa7 {
Schwarz hat nur einen Bauern für den Springer.} Nb6 17. Qxa6 $16 {Die weiße
Dame steht etwas unglücklich auf a6, aber Schwarz kann das nicht ausnutzen.}
Bf6 (17... Qd6 18. Qa3 $18) 18. a4 $1 {Mit diesem Zug befreit Weiß seine Dame.}
Qd7 {[%cal Rf8a8,Ra8a6] Jetzt droht schon 19...Ra8 mit Damenfang, aber es ist
zu spät.} (18... bxa4 19. Qa5 Bxb2 20. Ra2 $16) 19. axb5 Bd5 (19... Ra8 20.
bxc6 Rxa6 21. Rxa6 Qxc6 22. Nc3 $18) (19... Bxb5 20. Qa3 Bxe2 21. Bc3 Ra8 (
21... Qd1+ 22. Ne1 Nc4 23. Qa7 Nxb2 24. Nd2 $18) 22. Qxa8+ Nxa8 23. Rxa8+ Bd8
24. Nd4 $18) 20. Qa3 Ra8 21. Ba5 Nc4 (21... Qxb5 22. Nc3 Bxc3 23. bxc3 Nc4 24.
Qb4 $18) 22. Qb4 Bxb2 23. Ra2 Bf6 24. e4 $1 Bxe4 25. Qxc4 Qd1+ (25... Bd5 26.
Qd3 $18) 26. Qf1 Qxf1+ 27. Kxf1 Bxb1 28. Nd2 $18 {[%cal Rg2a8,Rd2b1][%mdl 2048]
Nach dieser Vereinfachung hat Weiß einfach eine Figur mehr und steht auf
Gewinn.} (28. Ra3 $18) 28... Bd3+ (28... Bxa2 29. Bxa8 $18) 29. Kg1 Ra7 30. Bf1
Bxf1 31. Kxf1 h5 32. Ne4 Be7 33. Nc3 Bf6 34. Bb4 Rb7 {Schwarz ist total
verloren und ich glaube, in einem Einzelturnier hätte er die Partie aufgegeben.
Aber in der Bundesliga spielt man für die Mannschaft weiter.} 35. Ra5 Kh7 36.
Ne4 Bd4 37. Bc5 Bb2 38. Ke2 Kg6 39. Kd3 Kf5 40. f3 g5 41. Bd4 (41. Bd6 $1 Kg6 (
41... cxd6 42. Nxd6+ $18) 42. Nc5 $18) 41... Bxd4 42. Kxd4 Rb6 43. h3 h4 44.
gxh4 gxh4 45. Ke3 (45. Kc5 Kf4 46. Ra7 $18) 45... Ke5 46. Nc3 Kd6 47. Ra6 Kc5
48. Ra7 (48. Rxb6 cxb6 49. Kf4 Kd4 50. Kg4 Kxc3 51. Kxh4 $18) 48... Kd6 49. Ra4
f5 50. Kd4 Ke7 51. Kc5 Kf6 52. Rxh4 Rd6 53. Rd4 1-0

[Event "Gausdal Classic"]
[Site "Gausdal"]
[Date "2004.09.24"]
[Round "2"]
[White "Johannessen, Leif Erlend"]
[Black "Sammalvuo, Tapani"]
[Result "1-0"]
[WhiteElo "2538"]
[BlackElo "2445"]
[Annotator "Ribli,Z"]
[PlyCount "67"]
[EventDate "2004.09.23"]
[EventType "tourn"]
[EventRounds "9"]
[EventCountry "NOR"]
[EventCategory "10"]
[SourceTitle "CBM 104"]
[Source "ChessBase"]
[SourceDate "2005.01.27"]
[SourceVersion "1"]
[SourceVersionDate "2005.01.27"]
[SourceQuality "1"]

1. Nf3 Nf6 2. c4 e6 3. g3 d5 4. d4 Be7 5. Bg2 O-O 6. O-O dxc4 7. Qc2 a6 8. Qxc4
b5 9. Qc2 Bb7 10. Bd2 Be4 11. Qc1 Bb7 12. Bf4 (12. Qc2 Be4 13. Qc1 Bb7 14. Bf4
Nd5 15. Rd1 Nd7 16. Nc3 c5 17. dxc5 Nxc5 18. Nxd5 Bxd5 19. Ne5 Rc8 20. Bxd5
exd5 21. Qd2 Ne6 22. Rac1 Rxc1 23. Qxc1 Bc5 24. Nd3 $14 {1-0 Almasi,I-Kaunas,K/
Gyula 1993/EXT 97 (82)}) 12... Nd5 13. Rd1 $146 {[%cal Gd1d8] White has not
yet developed his b1-knight. he would like to prevent the advance c7-c5 if
possible. Later White can perhaps bring his knight into play via d2-b3.
However, the natural developing move of the knight 13.Nc3 seems better to me. 
Weiß entwickelt noch nicht den b1-Springer. Er möchte den Durchbruch c7-c5
wenn möglich verhindern. Später kann Weiß vielleicht seinen Springer über
d2-b3 ins Spiel bringen. Trotzdem, der natürliche Springerentwicklungszug 13.
Nc3 erscheint mir besser.} Nxf4 14. gxf4 {A common motif in this variation -
White has doubled pawns on the f-file, but the f4-pawn controls the important
central square e5. Ein wichtiges Motiv in dieser Variante - Weiß hat einen
Doppelbauern auf der f-Linie, aber der f4P kontrolliert das wichtige
e5-Zentrumsfeld.} (14. Qxf4 c5 (14... Qd6) 15. Nc3 cxd4 16. Nxd4 Qb6 $11) 14...
c5 {[%mdl 4] In this variation, Black must practically always aim for c7-c5 to
free his position. In dieser Variante muss Schwarz praktisch immer c7-c5
spielen und seine Stellung befreien.} (14... Nd7 $5 {[%cal Gc7c5]}) 15. dxc5 (
15. Nc3 cxd4 (15... b4 16. Na4 cxd4 17. Nxd4 Bxg2 18. Kxg2 Qd5+ 19. Kg1 Qa5 20.
b3 Rd8 $13) 16. Nxd4 Qb6 $11) 15... Qc7 16. Ne5 (16. b4 $2 a5 $15) 16... Bxg2
17. Kxg2 Bxc5 $11 18. Nc3 Ra7 $6 (18... Bd6 $11) 19. Ne4 $14 Be7 (19... Qb7 20.
f3 Bb6 21. Rd6 $14 (21. Nd6 Qc7 $11)) 20. Qe3 {[%csl Ge4,Ge5][%cal Ga1c1,Gc1c7]
White has a strong central knight and gets into the game with 21.Rac1, whereas
Black has problems co-ordinating his pieces.  Weiß hat einen starken Springer
im Zentrum und er kommt mit 21.Rac1 ins Spiel, während Schwarz Schwierigkeiten
mit der Figurenkoordination hat.} Rb7 21. Rac1 {[%csl Rb8] All White's pieces
are actively posted, whereas the future does not look rosy for the knight on
b8.  Alle weißen Figuren stehen aktiv, aber der b8N hat keine rosige
Perspektiven...} Qa5 22. Ng5 (22. a3 $14) 22... Bxg5 (22... Qxa2 $2 23. Qe4 $18
{[%cal Re4b7,Re4h7]}) (22... Rc7 23. Nexf7 $1 Rxf7 24. Qxe6 Bxg5 25. b4 $1 Rxc1
26. Rxc1 Qd8 27. Rc8 Bf6 28. Rxd8+ Bxd8 29. Qc8 $18) 23. fxg5 Qxa2 $2 (23...
Rc7 $142) 24. Qe4 {[%csl Rb7][%cal Re4b7]} Ra7 (24... Rb6) 25. Rc3 $40 {
[%cal Rc3h3,Re4h7]} Qxb2 {Black has two extra pawns, but that is of no
importance since White has a decisive attack on the kingside.  Schwarz hat
zwei Bauern mehr, aber das hat keine Bedeutung, weil Weiß einen überlegenen
Angriff am Königsflügel hat.} 26. Rh3 f5 (26... g6 27. Ng4 {[%cal Rg4f6,Rf6g8]}
f5 28. Qxe6+ $18) 27. gxf6 gxf6 28. Rg3+ (28. Rd7 $1 $18) (28. Qg4+ $1 Rg7 29.
Rg3 Rxg4 30. Rxg4+ Kh8 31. Nf7+ $18) 28... Kh8 29. Rd4 $1 $18 {[%csl Gd4,Ge4,
Ge5,Gg3,Rh8][%mdl 128] Threatens 30.Ng6+ with a winning attack. With this
continuation, White restricts the sphere olf activity of the black queen on
the a1-h8 diagonal. Droht 30.Ng6+ mit siegreichem Angriff. Mit dieser
Fortsetzung beschränkt Weiß den Wirkungskreis der Dame auf der a1-h8 Diagonale.
} Qc1 (29... fxe5 30. Qxe5+ $18) 30. Qh4 (30. Ng6+ hxg6 31. Qxg6 Qg5 32. Rxg5
fxg5 33. Qh6+ Kg8 34. Qxe6+ $18) 30... Rg7 31. Rxg7 (31. Qxf6 $1 $18) 31...
Kxg7 32. Rg4+ Kh8 33. Ng6+ Kg7 34. Nxf8+ 1-0

[Event "WchT 5th"]
[Site "Yerevan"]
[Date "2001.10.12"]
[Round "1.1"]
[White "Akopian, Vladimir Eduardovic"]
[Black "Ghaem Maghami, Ehsan"]
[Result "1-0"]
[WhiteElo "2660"]
[BlackElo "2513"]
[Annotator "Ribli,Z"]
[PlyCount "89"]
[EventDate "2001.10.12"]
[EventType "team-tourn"]
[EventRounds "9"]
[EventCountry "ARM"]
[SourceTitle "CBM 086"]
[Source "ChessBase"]
[SourceDate "2002.02.05"]
[SourceVersion "1"]
[SourceVersionDate "2002.02.05"]
[SourceQuality "1"]
[WhiteTeam "Armenia"]
[BlackTeam "Iran"]
[WhiteTeamCountry "ARM"]
[BlackTeamCountry "IRI"]

1. Nf3 Nf6 2. c4 e6 3. g3 d5 4. Bg2 Be7 {Dieser natürliche Zug ist gut und
führt zu ruhigem Spiel, aber 4...dxc4 kommt auch in Betracht und Weiß muss mit
Hilfe der Dame den c4-Bauern zurückgewinnen.} 5. O-O O-O 6. d4 dxc4 7. Qc2 a6
8. a4 Bd7 9. Qxc4 (9. Rd1 {Diese Möglichkeit ist auch interessant, wird aber
seltener gespielt. Weiß beschäftigt sich nicht mit der sofortigen Zurücknahme
des c4-Bauern, sondern möchte so schnell wie möglich mit Nc3 und e4 eine
starke Bauernstellung im Zentrum aufbauen.} Bc6 10. Nc3 Bxf3 11. Bxf3 Nc6 12.
Bxc6 bxc6 $11) 9... Bc6 10. Bg5 Bd5 11. Qd3 Be4 {Dieser Läuferzug ist auch
spielbar, aber bei der d3-Damestellung scheint mir der Zug 11...c5 besser als
die Partiefortsetzung.} (11... c5 $5) 12. Qe3 {Hängt der e4B, so steht die
Dame aktiv auf e3. Ich muss anmerken, dass statt 12.Qe3 Weiß auch 12.Qd1
spielen kann, was zum Übergang zur Variante 11.Qc2 (statt 11.Qd3) Be4 12.Qd1
führt.} Nbd7 (12... Bc6 13. Nc3 Nbd7) 13. Nc3 Bc6 14. Qd3 (14. a5) 14... Rb8 $6
{Möchte Schwarz wirklich 15...b7-b5 ziehen? Aber in diesem Fall gäbe es viele
Punktschwächen am Damenflügel. Dieser Plan ist nicht gewöhnlich und nach
meiner Meinung auch nicht besonders gut.} (14... Bb4 15. Rfe1 (15. Rfd1 h6 16.
Bf4 a5 17. Nb5 Be4 18. Qc4 c6 19. Nc3 Bc2 20. Rdc1 Nb6 21. Qa2 Bh7 22. Qb3 {
1/2-1/2 Anastasian,A-Yu Shaoteng/Elista 1998/CBM 66 ext (88)}) 15... h6 (15...
Bxf3 16. Qxf3 c6 17. Red1 Qa5 $1 18. h4 h6 19. Bd2 e5 {1/2-1/2 Beliavsky,
A-Almasi,Z/Ubeda 1997/CBM 58/[Beliavsky] (58)}) 16. Bf4 Rc8 17. Qc2 b6 18. e4
Bb7 19. Rad1 Re8 20. Ne5 Nxe5 21. Bxe5 (21. dxe5 Nd7 22. Re3 Qe7 23. Na2 Bc5
24. Red3 Nb8 {1/2-1/2 Akesson,R-Lindberg,B/SWE-chT 9596 1996/EXT 98 (62)})
21... Nd7 22. Bf4 Qe7 23. Re2 c5 24. d5 $5 (24. Red2 cxd4 25. Rxd4 Nf6 26. Bd6
Bxd6 27. Rxd6 b5 28. axb5 axb5 29. Qb3 Bc6 30. Qb4 Qb7 31. h3 Rb8 32. Kh2 {
1/2-1/2 Jussupow,A-Portisch,L/Linares 1989/CBM 11 (32)}) 24... e5 25. Be3 Qd6
26. Bh3 Rc7 27. Nb1 Bc8 28. Nd2 b5 29. Nf3 c4 $6 30. Nh4 g6 $1 31. Bxh6 Nc5 32.
Bxc8 Rexc8 33. axb5 axb5 34. Nf3 $14 {1-0 Khalifman,A-Lautier,J/Biel 1993/CBM
37/[Khalifman] (57)}) 15. Qc2 (15. e4 $2 Nc5 $17 {[%csl Re4][%cal Gd8d3]})
15... b5 {Schwarz ist konsequent und spielt einen "aktiven" Zug, aber im
folgenden wird das c5-Feld schwach.} (15... h6 16. Bxf6 Nxf6 17. e4 Bb4 18.
Rfe1 $14) 16. axb5 axb5 17. Ne5 $1 {[%mdl 4] Weiß tauscht den g2-Läufer und
hat keine Angst vor dem Doppelbauern auf der e-Linie. Aber was wichtig ist für
Weiß: er bekommt starken Druck auf der c-Linie.} (17. Rac1 $11) 17... Bxg2 18.
Kxg2 Nxe5 19. dxe5 Nd5 (19... Nd7 20. Bxe7 Qxe7 21. f4 $14) 20. Bxe7 Qxe7 21.
Ne4 $14 {[%csl Yc5,Ge5][%cal Ge4c5][%mdl 32] Weiß kontrolliert den c5-Punkt
und Schwarz muss entweder mit Nc5 oder mit Ng5 rechnen.} b4 22. Rfc1 {Droht
noch nichts Konkretes, aber später muss Schwarz mit dem Zug e2-e4 rechnen, was
den d5-Springer verjagt.} b3 23. Qc5 Qd7 (23... Qxc5 24. Nxc5 $14) 24. Qc6 Qe7
{Schwarz muss - wenn möglich - die Damen auf dem Brett halten, im Endspiel
bleibt er ohne Hoffnungen auf Gegenspiel.} (24... Qxc6 25. Rxc6 $16) 25. h4 h6
26. Ra7 {Jetzt droht schon 27.Nc3 und Weiß gewinnt den c7-Bauern.} Qb4 27. Qc4
{Nach diesem Zug muss Schwarz die Damen tauschen, was den weißen
Positionsvorteil erhöht .} (27. Rc4 $2 Qe1 $132) 27... Rfd8 (27... Qe7 28. Nc3
$16) (27... Qb6 28. Qc5 $14) 28. Qxb4 Rxb4 29. Nc5 {[%csl Gc5] Jetzt droht
schon 30.e4 mit Bauerngewinn, und Schwarz kann nicht den c7-Bauern verteidigen.
} Rd4 30. Nd3 {Alles ist verteidigt in der weißen Stellung und jetzt droht 31.
Rb7 mit Bauerngewinn.} (30. Nxb3 Rb4 31. Nc5 Rxb2 32. e4 Ne3+ 33. Kf3 Nd1 $17)
30... Rb8 (30... h5 $5) (30... g6 $5) 31. h5 $1 {Mit diesem Zug gewinnt Weiß
Raum am Königsflügel.} g6 (31... Kh7 32. Rca1 $16 {Die weiße positionelle
Drohung wäre 33.R1a4 und nach dem Turmtausch kann Weiß den früher so stolzen
Springer mit e2-e4 verjagen.}) 32. hxg6 fxg6 33. Rc6 Rb6 (33... Kf7 34. Nc5 $16
) 34. Raxc7 $16 {Mit dieser kleiner Kombination gewinnt Weiß einen Bauern.}
Rxc6 (34... Nxc7 35. Rxb6 $18 {[%cal Rb6b3]}) 35. Rxc6 Kf7 36. Rd6 {[%cal
Gd6d4] Schwarz hat nicht nur einen Bauern weniger, sondern seine
Bauernstruktur ist auch schwach und seine Figuren sind gefesselt.} g5 (36...
Ke7 37. Nc5 $18 {[%cal Rc5b3,Rc5e6]}) 37. Rd7+ Kg6 38. Rb7 {[%csl Rb3]} Rc4 39.
Rxb3 $18 Rc2 40. Kf1 (40. Kf3 h5 41. e4 g4+ 42. Kg2 Ne3+ 43. Kg1 $18) 40... h5
41. e4 Ne7 42. Rc3 Rxc3 (42... Rd2 43. Ke1 $18) 43. bxc3 h4 44. gxh4 gxh4 45.
Kg2 1-0

[Event "EU-chT (Men) 11th"]
[Site "Pula"]
[Date "1997.05.??"]
[Round "5.4"]
[White "Dizdar, Goran"]
[Black "Sadler, Matthew D"]
[Result "0-1"]
[WhiteElo "2550"]
[BlackElo "2645"]
[Annotator "Ribli,Z"]
[PlyCount "76"]
[EventDate "1997.05.05"]
[EventType "team-swiss"]
[EventRounds "9"]
[EventCountry "CRO"]
[SourceTitle "CBM 057 Extra"]
[Source "ChessBase"]
[SourceDate "1997.05.01"]
[SourceVersion "1"]
[SourceVersionDate "1997.05.01"]
[SourceQuality "1"]
[WhiteTeam "Croatia"]
[BlackTeam "England"]
[WhiteTeamCountry "CRO"]
[BlackTeamCountry "ENG"]

1. Nf3 {Petursson} d5 2. g3 Nf6 3. Bg2 e6 4. O-O Be7 5. c4 O-O (5... dxc4 {
Das führt zur Reti-Eröffnung, denn Weiß kann nicht so leicht d2-d4 spielen.
Ribli.}) 6. d4 dxc4 7. Qc2 a6 8. a4 {Früher spielte jedermann 8.Qxc4.
Heutzutage ist der Partiezug in Mode. Mit ihm vermeidet Weiß den Zug 8...b7-b5,
schwächt aber das Feld b4. Ribli.} Bd7 9. Rd1 {Ein seltener Zug. Weiß schlägt
noch nicht den Bauern zurück. Ribli.} (9. Qxc4 Bc6 10. Bg5 {Die Hauptvariante})
9... Bc6 10. Nc3 (10. Bg5 Nbd7 11. Qxc4 Bd5 12. Qc2 Be4 13. Qc1 h6 14. Bxf6
Nxf6 15. Nc3 Bc6 16. Qc2 {1/2-1/2 Piket,J-Almasi,Z/Tilburg Fontys 1996 (23)})
10... Bxf3 $8 {Sonst kann Weiß e2-e4 spielen mit mehr als ausreichender
Kompensation. Ribli.} (10... Bb4 11. Bg5 Bxc3 12. Bxf6 Qxf6 13. bxc3 Nd7 14.
Qa2 Rfd8 15. Qxc4 Nb6 16. Qb3 Bd5 17. Qc2 Qg6 18. Qxg6 hxg6 19. Ne5 Bxg2 20.
Kxg2 Nd5 21. Rdc1 a5 22. Rab1 b6 23. h4 {Dizdar,G-Almasi,Z/CRO-Cup Pula 1995/
1-0 (56)}) 11. Bxf3 Nc6 12. Bxc6 bxc6 {[%csl Rb4,Rc4,Rc6][%cal Ya8b8,Yb8b2]}
13. Bg5 (13. a5 {[%csl Ra5][%cal Yc2a4,Ya4c6,Ya4c4]}) (13. e4 Qb8 {1/2-1/2
Quinteros,M-Zarnicki,P/Acasusso Valle op 1994}) 13... Rb8 (13... c5 14. dxc5
Qb8 15. Ne4 Qb3 16. Qxb3 cxb3 17. Bxf6 Bxf6 18. Nxf6+ gxf6 19. Ra3 Rfb8 20. Rd3
Rb4 21. Raxb3 Rc4 22. Rb7 Rxc5 23. Rc3 {1-0 Kochyev,A-Blauert,J/Groningen op
1990 (52)}) (13... Nd5 14. Bxe7 Qxe7 15. Ne4 Qb4 16. Rdc1 Rfb8 17. Ra2 a5 18.
Qxc4 Qe7 19. b3 Rb6 20. Nc5 h5 21. e3 h4 22. Qe2 Qg5 23. Rac2 Rd8 24. Rc4 g6
25. Qf3 {Dizdar,G-Ostojic,N/EUCup f Budapest 1996/1-0 (53)}) 14. e3 {Weiß
verbessert seine Stellung. Er hat keine Eile, den Bauern zurückzugewinnen.
Ribli.} (14. a5 Rb4 15. Ra4 Qb8 16. Rxb4 Qxb4 17. Bxf6 gxf6 18. Na2 Qb5 {
1/2-1/2 Kochyev,A-Aseev,K/Leningrad 1989 (38)}) (14. Bxf6 Bxf6 15. e3 Be7 16.
Rac1 Rb7 17. Ne4 Qd5 18. Nd2 c5 19. Nxc4 cxd4 20. Rxd4 {1-0 Piket,J-Lautier,J/
Monaco rapid 1996 (61)}) 14... Nd7 $1 {Der Springer verteidig die wichtigen
Felder. Schwarz hat auch seine positionelle Chancen, er hat die Herrschafft
über die b-Linie. Ribli.} (14... Nd5 15. Bxe7 Qxe7 16. Ne4 {[%csl Rc5][%cal
Re4c5]}) 15. Bxe7 Qxe7 16. Ne4 Rb4 {[%csl Gb4] Der Turm steht gut auf b4, er
deckt seinen Bauern auf c4 und bereitet die Turmdoppelung auf der b-Linie vor.
Ribli.} 17. Nd2 c5 18. Nxc4 $11 {[%csl Gc4] Weiss hat endlich den Bauer
zurueckgewonnen,und nach meiner Meinung - als die Schwachungen sind
beiderseitig - die Stellung ist etwa gleich.Ribli.} Rfb8 (18... Nb6 19. Ne5 {
[%csl Rc5][%cal Re5c6,Rc6b4,Rc6e7]}) 19. Rac1 h6 20. dxc5 $6 (20. d5 $142 {
Dies war der logische Zug. Die schwarzen Doppelbauern verbleiben auf der
c-Linie. Ribli.} exd5 21. Rxd5 Nb6 (21... Rxc4 22. Qxc4 Nb6 23. Qxc5 Nxd5 24.
Qxd5 Rxb2 25. Qa8+ Kh7 26. Qxa6 $14) 22. Nxb6 cxb6 23. Rcd1 $14 {[%cal Rd5d7]})
20... Nf6 $1 $13 (20... Nxc5 21. Na5 {[%csl Rc5][%cal Ra5c6,Rc6b8,Rc6e7,Rc6b4]}
) 21. Ne5 (21. c6 Qc5 {[%csl Gc5,Rc6]}) 21... Rxb2 22. Qc4 (22. Nc6 $2 Qe8 23.
Qxb2 Rxb2 24. Rd8 Qxd8 25. Nxd8 Ne4) 22... Nd5 {Setting a devious trap thagt
White falls for} 23. e4 (23. Nc6 Qf6 24. Rf1 Qf3 25. Nxb8 Nxe3 $19 {[%csl Rg2]}
) (23. Rc2 $15 {[%cal Gc2h2,Gc2a2]}) (23. Nd3 $1 $14 {Petursson}) {[#]} 23...
Ne3 $1 $17 {Ein schöner unerwarteter Schlag. Die schwarze schwere Artillerie
ist so stark, daß Schwarz nun gewaltigen Angriff hat. Ribli.} 24. fxe3 Qg5 {
[%cal Rg5e5,Rg5e3]} (24... Qf6 $2 {Petursson} 25. Nd3 Qf3 26. Nxb2 Rxb2 27. Qf1
Qxe3+ 28. Kh1 Qxe4+ 29. Kg1 Qe3+ $11) 25. Qc3 (25. Nd3 Qxe3+ 26. Kh1 Qf3+ $19)
25... Qh5 {[%cal Rh5e2,Re2h2,Rh5h2]} (25... R8b3 {Petursson} 26. Qd4 Qh5 $1 {
was also strong}) 26. Rd8+ (26. h4 $2 {Petursson} Qe2 $19) 26... Kh7 $8 (26...
Rxd8 $2 27. Qxb2 $18) 27. Rd2 Rxd2 28. Qxd2 Qxe5 {[%csl Gb8,Ge3,Re4,Ge5]
Schwarz hat klaren Positionsvorteil. Weiss hat nur Bauernschwächen in seiner
Stellung. Die schwarze Dame und der Turm stehen sehr aktiv. Ribli. The Black
position is strategically won. Whites' pawn formation has been ruined and his
king position is also insecure.} 29. Qd4 Qg5 $1 {Natuerlich,Schwarz verbessert
nicht die weise Bauernstellung.Ribli.} (29... Qxd4 $2 30. exd4 Rb4 31. Rd1 {
[%cal Rd4d8]}) 30. Rf1 e5 {Blockiert die weißen Bauern auf e4 und e3. Ribli.}
31. Qc3 f6 32. Kg2 Qg4 {[%csl Re4] There is now no way for White to guard all
his weaknesses.} 33. Qc4 a5 {[%csl Rb4]} 34. h3 Qd7 35. Qc2 (35. c6 Qd2+ 36.
Rf2 (36. Kf3 Rb2 $19) 36... Qxe3 $17) 35... Qc6 {[%csl Gc6] Die schwarze Dame
hat einen idealen Platz. Sie blockiert den c-Bauern und kontrolliert die
Felder a4 und e4. Ribli.} 36. Rd1 Rb4 $19 {[%cal Rb4e4,Rb4a4]} 37. Rd8 Rxa4 38.
Rc8 (38. Qb3 Qxe4+ 39. Kf2 Qc4 $19) 38... Rb4 $1 {[%cal Rb4b5,Rb5c5] Weiß gab
auf. Er hat nichts für den Bauern, er verliert entweder c5 oder e4. Ribli.} (
38... Rxe4 $6 39. Rxc7 Qxc7 40. Qxe4+ $15) 0-1